MESTSKÁ KNIŽNICA GIRALTOVCE  - online katalóg 

Normal view MARC view

Entry Corporate Name

Number of records used in: 6

001 - CONTROL NUMBER

  • control field: 2168

003 - CONTROL NUMBER IDENTIFIER

  • control field: OSt

005 - DATE AND TIME OF LATEST TRANSACTION

  • control field: 20211026071222.0

008 - FIXED-LENGTH DATA ELEMENTS

  • fixed length control field: 211026|| aca||aabn | a|a d

040 ## - CATALOGING SOURCE

  • Original cataloging agency: OSt
  • Transcribing agency: OSt

110 ## - HEADING--CORPORATE NAME

  • Corporate name or jurisdiction name as entry element: Osvienčim (koncentračný tábor)

670 ## - SOURCE DATA FOUND

  • Source citation: Work cat.: (OSt)0: Iperen, Roxane van aut 2167, Sestry z Osvienčimu

Powered by Koha